000 00303nam a22001337a 4500
008 170921b xxu||||| |||| 00| 0 eng d
020 _a1880157012
041 _aeng
080 _a78
100 _a45
101 _aMUZ
245 _aFROM AND CONTENT IN COMMERCIAL MUSIC
_cGORDON,CH.P
942 _2udc
_cBK
999 _c28844
_d28844